[Event "18. Obert Int. Sant Marti 2016"]
[Site "Barcelona ESP"]
[Date "2016.07.19"]
[Round "7.56"]
[White "Marchador Villalba, Jordi"]
[Black "Bernat, Ernest"]
[Result "1/2-1/2"]
[WhiteElo "2024"]
[BlackElo "1942"]
[PlyCount "85"]
[EventDate "2016.07.13"]
[EventType "swiss"]
[EventRounds "9"]
[EventCountry "ESP"]
[SourceTitle "Ajedrez en Madrid"]
[Source "lmi"]
[SourceDate "2016.07.13"]
[SourceVersion "1"]
[SourceVersionDate "2019.06.21"]
[SourceQuality "1"]

1. d4 d5 2. Bf4 Nf6 3. e3 e6 4. Bd3 Bd6 5. Nd2 b6 6. Ngf3 O-O 7. Ne5 Ba6 8. O-O
Bxd3 9. Nxd3 Bxf4 10. Nxf4 Nbd7 11. Qf3 c5 12. Rad1 Qc8 13. c3 cxd4 14. exd4 b5
15. a3 a5 16. Nd3 a4 17. Qe2 Nb6 18. f3 Nc4 19. Nxc4 bxc4 20. Nb4 Qc7 21. Rde1
Nd7 22. f4 g6 23. g4 Nf6 24. f5 exf5 25. gxf5 Rae8 26. Qg2 Rxe1 27. Rxe1 Qd7
28. Re5 Rd8 29. h4 Kh8 30. Qg5 Qd6 31. Kf1 Ne4 32. Qe3 Nf6 33. fxg6 hxg6 34.
Qg5 Kg7 35. h5 Nxh5 36. Rxd5 Qh2 37. Qe5+ Qxe5 38. Rxe5 Nf4 39. Nc6 Rd6 40. Rc5
Nd3 41. Rxc4 Nxb2 42. Rc5 Nd3 43. Rc4 1/2-1/2

[Event "18. Obert Int. Sant Marti 2016"]
[Site "Barcelona ESP"]
[Date "2016.07.19"]
[Round "7.57"]
[White "Chung, Mathilde"]
[Black "Sapale, Saloni"]
[Result "1-0"]
[WhiteElo "2169"]
[BlackElo "1929"]
[PlyCount "43"]
[EventDate "2016.07.13"]
[EventType "swiss"]
[EventRounds "9"]
[EventCountry "ESP"]
[SourceTitle "Ajedrez en Madrid"]
[Source "lmi"]
[SourceDate "2016.07.13"]
[SourceVersion "1"]
[SourceVersionDate "2019.06.21"]
[SourceQuality "1"]

1. d4 d5 2. c4 c6 3. Nf3 Nf6 4. Nc3 dxc4 5. a4 Bf5 6. e3 e6 7. Bxc4 Bb4 8. O-O
Nbd7 9. Nh4 Bg4 10. f3 Bh5 11. g4 g5 12. Ng2 Bg6 13. e4 h6 14. Be3 Qe7 15. a5
O-O-O 16. Qa4 Nb8 17. Na2 Bd6 18. e5 Nd5 19. Bxd5 exd5 20. exd6 Qxd6 21. Qb4
Qc7 22. Qe1 1-0

[Event "18. Obert Int. Sant Marti 2016"]
[Site "Barcelona ESP"]
[Date "2016.07.19"]
[Round "7.58"]
[White "Molinero Martin, Joan"]
[Black "Molano Lafuente, Ismael"]
[Result "1-0"]
[WhiteElo "1995"]
[BlackElo "1940"]
[PlyCount "91"]
[EventDate "2016.07.13"]
[EventType "swiss"]
[EventRounds "9"]
[EventCountry "ESP"]
[SourceTitle "Ajedrez en Madrid"]
[Source "lmi"]
[SourceDate "2016.07.13"]
[SourceVersion "1"]
[SourceVersionDate "2019.06.21"]
[SourceQuality "1"]

1. e4 e5 2. Nf3 f5 3. d4 fxe4 4. Nxe5 Nf6 5. Bg5 d6 6. Nc4 Be7 7. Be2 O-O 8.
O-O d5 9. Ne3 Be6 10. c3 c6 11. Nd2 Nbd7 12. c4 h6 13. Bh4 Nh7 14. Bg3 Ndf6 15.
c5 Qd7 16. b4 a6 17. a4 g6 18. Qb3 g5 19. b5 axb5 20. axb5 h5 21. Ra2 Rxa2 22.
Qxa2 g4 23. bxc6 bxc6 24. Rb1 Ng5 25. Qa6 Rc8 26. Rb7 Qe8 27. Nb3 Qd8 28. Na5
Ra8 29. Qxa8 Qxa8 30. Rb8+ Qxb8 31. Bxb8 Bd7 32. Ba6 Nf7 33. Bb7 Nd8 34. Ba8
Ne8 35. Nxd5 cxd5 36. Bxd5+ Be6 37. Bxe4 Nf6 38. f3 Nxe4 39. fxe4 Bf6 40. e5
Bg5 41. Kf2 Kf8 42. c6 Ke8 43. c7 Nf7 44. Nc4 Kd7 45. Nb6+ Kc6 46. d5+ 1-0

[Event "18. Obert Int. Sant Marti 2016"]
[Site "Barcelona ESP"]
[Date "2016.07.19"]
[Round "7.59"]
[White "Nepveu, Manuel"]
[Black "Custodio Criado, Jofre"]
[Result "1-0"]
[WhiteElo "1910"]
[BlackElo "1639"]
[PlyCount "63"]
[EventDate "2016.07.13"]
[EventType "swiss"]
[EventRounds "9"]
[EventCountry "ESP"]
[SourceTitle "Ajedrez en Madrid"]
[Source "lmi"]
[SourceDate "2016.07.13"]
[SourceVersion "1"]
[SourceVersionDate "2019.06.21"]
[SourceQuality "1"]

1. d4 d5 2. c4 e6 3. Nf3 Nf6 4. g3 Be7 5. Bg2 c6 6. O-O O-O 7. b3 Nbd7 8. Bb2
Bd6 9. Nc3 Re8 10. e3 Bc7 11. Qc2 e5 12. dxe5 Nxe5 13. Nxe5 Bxe5 14. cxd5 cxd5
15. Nb5 Bxb2 16. Qxb2 Re7 17. Nd4 Be6 18. Rfd1 Rd7 19. Qa3 a6 20. h3 Rc8 21.
Rac1 Rdc7 22. Qa5 Qd7 23. Qa3 Rxc1 24. Rxc1 Rxc1+ 25. Qxc1 Bxh3 26. Kh2 Bxg2
27. Kxg2 Kf8 28. Qc5+ Ke8 29. Qa7 g6 30. Qb8+ Ke7 31. Qe5+ Qe6 32. Nxe6 1-0

[Event "18. Obert Int. Sant Marti 2016"]
[Site "Barcelona ESP"]
[Date "2016.07.19"]
[Round "7.60"]
[White "Varela Cuadrado, Cesar"]
[Black "Nadal Fajardo, Ricard"]
[Result "0-1"]
[WhiteElo "1753"]
[BlackElo "1900"]
[PlyCount "150"]
[EventDate "2016.07.13"]
[EventType "swiss"]
[EventRounds "9"]
[EventCountry "ESP"]
[SourceTitle "Ajedrez en Madrid"]
[Source "lmi"]
[SourceDate "2016.07.13"]
[SourceVersion "1"]
[SourceVersionDate "2019.06.21"]
[SourceQuality "1"]

1. e4 c6 2. Nc3 d5 3. f4 dxe4 4. Nxe4 Nf6 5. Nf2 Qc7 6. g3 g6 7. b3 Bg7 8. Bb2
Nbd7 9. Nf3 O-O 10. Bg2 b6 11. O-O Bb7 12. Nd3 c5 13. Qe2 e6 14. Nde5 Rad8 15.
Rae1 Nxe5 16. Nxe5 Nd7 17. Bc3 Nxe5 18. fxe5 Bxg2 19. Kxg2 Rd5 20. Bb2 Rfd8 21.
d3 b5 22. Rf4 Qb7 23. Kg1 c4 24. Qf3 cxd3 25. cxd3 R8d7 26. d4 a5 27. Rf1 Qa7
28. Kg2 b4 29. h4 Qb7 30. Rf2 Rc7 31. g4 Rb5 32. g5 Qxf3+ 33. R4xf3 Rb8 34. Rd3
Rd8 35. Rdd2 h6 36. Kf3 hxg5 37. hxg5 Bf8 38. Ke4 Be7 39. Rg2 Rd5 40. Kf4 a4
41. Rc2 Rxc2 42. Rxc2 a3 43. Rc8+ Kg7 44. Ba1 Rd7 45. Rc4 Kf8 46. Rc8+ Rd8 47.
Rc4 Ke8 48. Rc7 Rd7 49. Rc8+ Rd8 50. Rc7 Rb8 51. Kg4 Kd8 52. Rc4 Kd7 53. Kf4
Rh8 54. Rc1 Rh2 55. Rd1 Rxa2 56. d5 exd5 57. Rxd5+ Ke6 58. Rd1 Rf2+ 59. Kg3 Rf5
60. Rc1 Rxg5+ 61. Kf4 Rh5 62. Rc6+ Kd7 63. Ra6 Rh4+ 64. Kg3 Rh1 65. Bd4 Rd1 66.
Ra7+ Ke6 67. Ra6+ Kf5 68. Bb6 Rd3+ 69. Kf2 Kxe5 70. Ra5+ Ke6 71. Bc7 Rxb3 72.
Ke1 Rb2 73. Be5 Bf6 74. Bxb2 axb2 75. Ra6+ Kf5 0-1

[Event "18. Obert Int. Sant Marti 2016"]
[Site "Barcelona ESP"]
[Date "2016.07.19"]
[Round "7.61"]
[White "Tateo, Ida"]
[Black "Pistol, Mats-Erik"]
[Result "0-1"]
[WhiteElo "1275"]
[BlackElo "1810"]
[PlyCount "82"]
[EventDate "2016.07.13"]
[EventType "swiss"]
[EventRounds "9"]
[EventCountry "ESP"]
[SourceTitle "Ajedrez en Madrid"]
[Source "lmi"]
[SourceDate "2016.07.13"]
[SourceVersion "1"]
[SourceVersionDate "2019.06.21"]
[SourceQuality "1"]

1. e4 e5 2. Nf3 Nc6 3. Bb5 a6 4. Ba4 Nf6 5. O-O Be7 6. Re1 b5 7. Bb3 O-O 8. h3
d6 9. c3 Na5 10. Bc2 c5 11. d4 Nd7 12. d5 c4 13. b4 Nb7 14. a4 Rb8 15. axb5
axb5 16. Nbd2 Re8 17. Nf1 Nf8 18. Be3 Ng6 19. Ng3 Bd7 20. Ra6 Ra8 21. Qa1 Qb8
22. Nf5 Bf8 23. Qa2 Ne7 24. Nxe7+ Bxe7 25. Ra1 Rxa6 26. Qxa6 Rc8 27. Bd1 Bd8
28. Qa7 Qxa7 29. Rxa7 Rb8 30. Ng5 h6 31. Nf3 Kf8 32. Ne1 Ke7 33. Ra6 Bc7 34. f4
exf4 35. Bxf4 f5 36. Bf3 g5 37. Be3 Nd8 38. exf5 Bxf5 39. Ra7 Rb7 40. Rxb7 Nxb7
41. Nc2 Bxc2 0-1

[Event "18. Obert Int. Sant Marti 2016"]
[Site "Barcelona ESP"]
[Date "2016.07.20"]
[Round "8.1"]
[White "Shyam, Sundar M."]
[Black "Himanshu, Sharma"]
[Result "1/2-1/2"]
[WhiteElo "2526"]
[BlackElo "2389"]
[PlyCount "94"]
[EventDate "2016.07.13"]
[EventType "swiss"]
[EventRounds "9"]
[EventCountry "ESP"]
[SourceTitle "Ajedrez en Madrid"]
[Source "lmi"]
[SourceDate "2016.07.13"]
[SourceVersion "1"]
[SourceVersionDate "2019.06.21"]
[SourceQuality "1"]

1. c4 e5 2. g3 Nf6 3. Bg2 d5 4. cxd5 Nxd5 5. Nc3 Nb6 6. Nf3 Nc6 7. O-O Be7 8.
a3 O-O 9. b4 Re8 10. d3 Bf8 11. Rb1 Nd4 12. Nd2 c6 13. Nb3 Bg4 14. h3 Bh5 15.
g4 Bg6 16. Na5 Qd7 17. e3 Ne6 18. Ne4 Rad8 19. Bb2 Qxd3 20. Qxd3 Rxd3 21. Nxb7
Nc4 22. Rfc1 Nxb2 23. Rxb2 Rxa3 24. Rxc6 Bxe4 25. Bxe4 Rb8 26. h4 Ra4 27. Kg2
a5 28. Bc2 Rxb4 29. Rxb4 axb4 30. Na5 g6 31. Nb3 Ra8 32. Bd3 Ra7 33. Kf3 Rc7
34. Rxc7 Nxc7 35. g5 h6 36. Ke4 hxg5 37. hxg5 Bd6 38. f4 exf4 39. exf4 Ne6 40.
f5 Nxg5+ 41. Kd5 Be7 42. fxg6 fxg6 43. Bxg6 Kg7 44. Bc2 Kf6 45. Nc5 Nf3 46.
Ne4+ Kf7 47. Nd6+ Bxd6 1/2-1/2

[Event "18. Obert Int. Sant Marti 2016"]
[Site "Barcelona ESP"]
[Date "2016.07.20"]
[Round "8.2"]
[White "Oliva Castaneda, Kevel"]
[Black "Vassallo Barroche, Mauricio"]
[Result "1-0"]
[WhiteElo "2493"]
[BlackElo "2389"]
[PlyCount "83"]
[EventDate "2016.07.13"]
[EventType "swiss"]
[EventRounds "9"]
[EventCountry "ESP"]
[SourceTitle "Ajedrez en Madrid"]
[Source "lmi"]
[SourceDate "2016.07.13"]
[SourceVersion "1"]
[SourceVersionDate "2019.06.21"]
[SourceQuality "1"]

1. d4 d6 2. Nf3 Nf6 3. c4 g6 4. Nc3 Bg7 5. e4 O-O 6. Be2 e5 7. O-O c6 8. d5 Na6
9. Be3 c5 10. Ne1 Ne8 11. Nd3 b6 12. Qd2 f5 13. f4 g5 14. g3 gxf4 15. gxf4 Nac7
16. fxe5 dxe5 17. Bg5 Qd6 18. exf5 Bxf5 19. Kh1 e4 20. Nf2 Nf6 21. Bf4 Qd7 22.
Rg1 Kh8 23. Rg3 Rf7 24. Rag1 Rg8 25. Be5 Nce8 26. Qf4 Re7 27. Rg5 Bg6 28. Qh4
b5 29. Ng4 Nxg4 30. Bxg4 Qb7 31. Rxg6 Rxe5 32. Be6 Rf8 33. Nxb5 e3 34. Nd6 Nxd6
35. Rxg7 Qxg7 36. Rxg7 Kxg7 37. Qg3+ Kf6 38. Qf4+ Nf5 39. Bxf5 Rxf5 40. Qh6+
Kf7 41. Qxe3 Kg6 42. Qxc5 1-0

[Event "18. Obert Int. Sant Marti 2016"]
[Site "Barcelona ESP"]
[Date "2016.07.20"]
[Round "8.3"]
[White "Peralta, Fernando"]
[Black "Bachmann, Axel"]
[Result "0-1"]
[WhiteElo "2588"]
[BlackElo "2649"]
[PlyCount "62"]
[EventDate "2016.07.13"]
[EventType "swiss"]
[EventRounds "9"]
[EventCountry "ESP"]
[SourceTitle "Ajedrez en Madrid"]
[Source "lmi"]
[SourceDate "2016.07.13"]
[SourceVersion "1"]
[SourceVersionDate "2019.06.21"]
[SourceQuality "1"]

1. d4 d5 2. c4 dxc4 3. e3 Nf6 4. Bxc4 e6 5. Nf3 a6 6. a4 c5 7. O-O Nc6 8. Qe2
cxd4 9. Rd1 Be7 10. exd4 O-O 11. Nc3 Nd5 12. Bd3 Ncb4 13. Bb1 b6 14. Ra3 Bb7
15. a5 Nxc3 16. bxc3 Nc6 17. axb6 Bxa3 18. Bxa3 Re8 19. Bc5 g6 20. Bc2 Rc8 21.
Ba4 Qd5 22. c4 Qh5 23. Re1 Red8 24. Bxc6 Rxc6 25. Qe3 Rcc8 26. Ne5 f6 27. Nf7
Kxf7 28. Qxe6+ Kg7 29. Qe7+ Kh6 30. Qxb7 Rxc5 31. dxc5 Qe2 0-1

[Event "18. Obert Int. Sant Marti 2016"]
[Site "Barcelona ESP"]
[Date "2016.07.20"]
[Round "8.4"]
[White "Ortiz Suarez, Isan Reynaldo"]
[Black "Munoz, Miguel"]
[Result "1/2-1/2"]
[WhiteElo "2580"]
[BlackElo "2477"]
[PlyCount "80"]
[EventDate "2016.07.13"]
[EventType "swiss"]
[EventRounds "9"]
[EventCountry "ESP"]
[SourceTitle "Ajedrez en Madrid"]
[Source "lmi"]
[SourceDate "2016.07.13"]
[SourceVersion "1"]
[SourceVersionDate "2019.06.21"]
[SourceQuality "1"]

1. Nf3 c5 2. c4 Nc6 3. d4 g6 4. d5 Na5 5. e4 Bg7 6. Bd3 Nf6 7. Nc3 O-O 8. h3 d6
9. Bg5 h6 10. Be3 e5 11. Nd2 Bd7 12. g4 Kh7 13. a3 b6 14. Qe2 Ng8 15. h4 a6 16.
b4 Nb7 17. Rb1 Qc7 18. h5 g5 19. O-O Rfb8 20. Rfc1 Ne7 21. Bc2 cxb4 22. axb4 a5
23. bxa5 Nxa5 24. Ba4 Nc8 25. Bxd7 Qxd7 26. f3 Bf6 27. Rb2 Bd8 28. Rcb1 Nb7 29.
Na2 Ra3 30. Bf2 Rba8 31. Nb4 Nc5 32. Nb3 Qa4 33. Nc1 Qd7 34. Ra2 Ne7 35. Rba1
Rxa2 36. Rxa2 Ra4 37. Qb2 Kg7 38. Kg2 Rxa2 39. Ncxa2 Nxe4 40. Bg1 Nf6 1/2-1/2

[Event "18. Obert Int. Sant Marti 2016"]
[Site "Barcelona ESP"]
[Date "2016.07.20"]
[Round "8.5"]
[White "Debashis, Das"]
[Black "Libiszewski, Fabien"]
[Result "1/2-1/2"]
[WhiteElo "2451"]
[BlackElo "2542"]
[PlyCount "30"]
[EventDate "2016.07.13"]
[EventType "swiss"]
[EventRounds "9"]
[EventCountry "ESP"]
[SourceTitle "Ajedrez en Madrid"]
[Source "lmi"]
[SourceDate "2016.07.13"]
[SourceVersion "1"]
[SourceVersionDate "2019.06.21"]
[SourceQuality "1"]

1. d4 Nf6 2. c4 g6 3. Nc3 Bg7 4. Nf3 O-O 5. e4 d6 6. Be3 Na6 7. Be2 e5 8. O-O
c6 9. Qc2 Ng4 10. Bg5 Qc7 11. Rad1 d5 12. dxe5 dxe4 13. Qxe4 Bf5 14. Qf4 Nc5
15. e6 Nxe6 1/2-1/2

[Event "18. Obert Int. Sant Marti 2016"]
[Site "Barcelona ESP"]
[Date "2016.07.20"]
[Round "8.6"]
[White "Gomez Garrido, Camilo Ernesto"]
[Black "Cuartas, Jaime Alexander"]
[Result "1/2-1/2"]
[WhiteElo "2541"]
[BlackElo "2455"]
[PlyCount "121"]
[EventDate "2016.07.13"]
[EventType "swiss"]
[EventRounds "9"]
[EventCountry "ESP"]
[SourceTitle "Ajedrez en Madrid"]
[Source "lmi"]
[SourceDate "2016.07.13"]
[SourceVersion "1"]
[SourceVersionDate "2019.06.21"]
[SourceQuality "1"]

1. e4 e5 2. Nf3 Nc6 3. Bb5 Nf6 4. d3 Bc5 5. Bxc6 dxc6 6. O-O Qe7 7. Nbd2 Bd6 8.
b3 c5 9. Nc4 Nd7 10. Ne3 f6 11. Nh4 Nf8 12. Nhf5 Qf7 13. f4 Bxf5 14. Nxf5 Ne6
15. Qg4 exf4 16. Nxd6+ cxd6 17. Bxf4 Nxf4 18. Rxf4 Qd7 19. Qh5+ Qf7 20. Qg4 Qd7
21. Qg3 O-O-O 22. Raf1 Rde8 23. Rg4 Re7 24. Rf5 b6 25. Rd5 Rd8 26. h3 Rf7 27.
Rh4 g6 28. Rf4 Qe6 29. c4 Rdd7 30. a3 Kd8 31. b4 Ke7 32. Rf1 Kf8 33. b5 Kg7 34.
a4 Rf8 35. Ra1 f5 36. Re1 fxe4 37. Rxe4 Qf6 38. Kh2 Rff7 39. d4 Rfe7 40. Rf4
Qe6 41. a5 Rf7 42. Rxf7+ Kxf7 43. dxc5 dxc5 44. Qf4+ Kg7 45. Rxd7+ Qxd7 46. a6
Qe7 47. h4 h6 48. Qg3 Kh7 49. Qg4 Qe5+ 50. g3 h5 51. Qd7+ Kh6 52. Qf7 Qe2+ 53.
Kh3 Qg4+ 54. Kg2 Qe2+ 55. Kg1 Qe1+ 56. Kh2 Qe2+ 57. Kh3 Qg4+ 58. Kh2 Qe2+ 59.
Kh3 Qg4+ 60. Kg2 Qe2+ 61. Kh3 1/2-1/2

[Event "18. Obert Int. Sant Marti 2016"]
[Site "Barcelona ESP"]
[Date "2016.07.20"]
[Round "8.7"]
[White "Karthikeyan, Murali"]
[Black "Swayams, Mishra"]
[Result "1-0"]
[WhiteElo "2513"]
[BlackElo "2457"]
[PlyCount "51"]
[EventDate "2016.07.13"]
[EventType "swiss"]
[EventRounds "9"]
[EventCountry "ESP"]
[SourceTitle "Ajedrez en Madrid"]
[Source "lmi"]
[SourceDate "2016.07.13"]
[SourceVersion "1"]
[SourceVersionDate "2019.06.21"]
[SourceQuality "1"]

1. e4 e6 2. d4 d5 3. Nc3 Nf6 4. Bg5 Bb4 5. exd5 Qxd5 6. Nf3 Ne4 7. Bd2 Bxc3 8.
Bxc3 Nxc3 9. bxc3 b6 10. Bd3 Bb7 11. O-O Nd7 12. Re1 Qh5 13. Re3 O-O 14. Qe1
Rfd8 15. Ne5 Nxe5 16. dxe5 h6 17. f4 Rf8 18. Rh3 Qg4 19. Qf2 f5 20. exf6 Rxf6
21. Rh4 Qxg2+ 22. Qxg2 Bxg2 23. Kxg2 Rd8 24. Rf1 Rd5 25. f5 b5 26. c4 1-0

[Event "18. Obert Int. Sant Marti 2016"]
[Site "Barcelona ESP"]
[Date "2016.07.20"]
[Round "8.8"]
[White "Aguero Jimenez, Luis Lazaro"]
[Black "Arizmendi Martinez, Julen Luis"]
[Result "0-1"]
[WhiteElo "2415"]
[BlackElo "2501"]
[PlyCount "126"]
[EventDate "2016.07.13"]
[EventType "swiss"]
[EventRounds "9"]
[EventCountry "ESP"]
[SourceTitle "Ajedrez en Madrid"]
[Source "lmi"]
[SourceDate "2016.07.13"]
[SourceVersion "1"]
[SourceVersionDate "2019.06.21"]
[SourceQuality "1"]

1. e4 e5 2. Nf3 Nc6 3. Bb5 a6 4. Ba4 Nf6 5. O-O Be7 6. Bxc6 dxc6 7. d3 Nd7 8.
Nbd2 O-O 9. Nc4 f6 10. d4 exd4 11. Nxd4 Ne5 12. Ne3 Re8 13. c3 Bf8 14. Qb3+ Nf7
15. Rd1 Qe7 16. f3 Qe5 17. Ndf5 Qc5 18. Kh1 b5 19. Bd2 Be6 20. Qc2 Qb6 21. Nd4
Bd7 22. Be1 c5 23. Ne2 Rad8 24. Bg3 c6 25. c4 Bc8 26. a4 b4 27. b3 g6 28. Rxd8
Nxd8 29. a5 Qb7 30. Rd1 Nf7 31. Rd3 Qe7 32. h3 Bh6 33. Nd1 f5 34. Nf2 fxe4 35.
fxe4 Ne5 36. Bxe5 Qxe5 37. Qd1 Bg5 38. Ng1 Qe7 39. Nf3 Bf4 40. Nh2 h5 41. Rf3
Bc7 42. Re3 Rd8 43. Rd3 Rf8 44. Rf3 Re8 45. Re3 Rd8 46. Rd3 Rxd3 47. Qxd3 Bxa5
48. e5 Bf5 49. Qe3 Bc7 50. Nf3 a5 51. g4 hxg4 52. Nxg4 Bxg4 53. hxg4 Bd8 54.
Qd3 Kg7 55. g5 Bc7 56. Qe4 Qe6 57. Kg2 a4 58. bxa4 b3 59. Qf4 Ba5 60. Nd2 Bxd2
61. Qxd2 Qg4+ 62. Kh1 Qe4+ 63. Kh2 Qc2 0-1

[Event "18. Obert Int. Sant Marti 2016"]
[Site "Barcelona ESP"]
[Date "2016.07.20"]
[Round "8.9"]
[White "Alvarez Pedraza, Aramis"]
[Black "Anurag, Mhamal"]
[Result "0-1"]
[WhiteElo "2484"]
[BlackElo "2392"]
[PlyCount "100"]
[EventDate "2016.07.13"]
[EventType "swiss"]
[EventRounds "9"]
[EventCountry "ESP"]
[SourceTitle "Ajedrez en Madrid"]
[Source "lmi"]
[SourceDate "2016.07.13"]
[SourceVersion "1"]
[SourceVersionDate "2019.06.21"]
[SourceQuality "1"]

1. g3 d5 2. Bg2 Nf6 3. d3 c6 4. Nd2 e5 5. Ngf3 e4 6. Nd4 Qb6 7. c3 c5 8. N4b3
exd3 9. exd3 Qe6+ 10. Qe2 Qxe2+ 11. Kxe2 a5 12. Nf3 a4 13. Nbd2 Bd6 14. Nf1 O-O
15. Bg5 Re8+ 16. Kd2 a3 17. Bxf6 axb2 18. Rb1 gxf6 19. Ne3 d4 20. cxd4 cxd4 21.
Nxd4 Rxa2 22. Bd5 Ra5 23. Ndc2 Rd8 24. Bb3 Na6 25. Rxb2 Be5 26. Rbb1 Nc5 27.
Bc4 Ne4+ 28. Ke1 Nc3 29. Rb6 Bd7 30. f4 Bc7 31. Rxf6 b5 32. Bb3 Be8 33. d4 Rda8
34. Rf5 Ra3 35. Nxa3 Rxa3 36. Bc2 Ra1+ 37. Kd2 Rxh1 38. Kxc3 Rxh2 39. Rc5 Ba5+
40. Kd3 Rd2+ 41. Ke4 Bb6 42. Rg5+ Kf8 43. Kf3 h6 44. Rh5 Bxd4 45. Be4 Bxe3 46.
Kxe3 Rd6 47. g4 b4 48. g5 f5 49. Rh2 Re6 50. gxh6 Rxe4+ 0-1

[Event "18. Obert Int. Sant Marti 2016"]
[Site "Barcelona ESP"]
[Date "2016.07.20"]
[Round "8.10"]
[White "Narciso Dublan, Marc"]
[Black "Qiu, Mengjie"]
[Result "1/2-1/2"]
[WhiteElo "2504"]
[BlackElo "2231"]
[PlyCount "96"]
[EventDate "2016.07.13"]
[EventType "swiss"]
[EventRounds "9"]
[EventCountry "ESP"]
[SourceTitle "Ajedrez en Madrid"]
[Source "lmi"]
[SourceDate "2016.07.13"]
[SourceVersion "1"]
[SourceVersionDate "2019.06.21"]
[SourceQuality "1"]

1. e4 c6 2. d4 d5 3. Nd2 dxe4 4. Nxe4 Bf5 5. Nc5 e5 6. Nxb7 Qb6 7. Nc5 exd4 8.
Nb3 Bb4+ 9. Bd2 Nf6 10. Bxb4 Qxb4+ 11. Qd2 Qe7+ 12. Qe2 Bxc2 13. Nxd4 Be4 14.
f3 Bd5 15. Qxe7+ Kxe7 16. Nf5+ Kf8 17. Ne2 Na6 18. Nc3 Nb4 19. Kf2 Rd8 20. Rd1
g6 21. Ne3 Rb8 22. b3 Be6 23. Bc4 Bxc4 24. Nxc4 Nfd5 25. Nxd5 cxd5 26. Ne5 Kg7
27. Rd2 Rhe8 28. Re1 Rbc8 29. Ree2 Rc3 30. f4 Re6 31. g3 h5 32. a3 Nc6 33. Nxc6
Rexc6 34. Re3 Rc2 35. Ke2 Kf6 36. Red3 R6c3 37. Rxc3 Rxc3 38. Rxd5 Rxb3 39. Ra5
Rb2+ 40. Kf3 Rxh2 41. Ra6+ Kg7 42. Rxa7 h4 43. gxh4 Rxh4 44. a4 Rh1 45. a5 Ra1
46. Kg4 Rg1+ 47. Kf3 Ra1 48. Kg4 Rg1+ 1/2-1/2

[Event "18. Obert Int. Sant Marti 2016"]
[Site "Barcelona ESP"]
[Date "2016.07.20"]
[Round "8.11"]
[White "Asis Gargatagli, Hipolito"]
[Black "Gomez Jurado, Luis Alberto"]
[Result "1/2-1/2"]
[WhiteElo "2504"]
[BlackElo "2244"]
[PlyCount "71"]
[EventDate "2016.07.13"]
[EventType "swiss"]
[EventRounds "9"]
[EventCountry "ESP"]
[SourceTitle "Ajedrez en Madrid"]
[Source "lmi"]
[SourceDate "2016.07.13"]
[SourceVersion "1"]
[SourceVersionDate "2019.06.21"]
[SourceQuality "1"]

1. e4 c6 2. d4 d5 3. e5 Bf5 4. h4 h5 5. Bd3 Bxd3 6. Qxd3 Qa5+ 7. Nd2 Qa6 8. c4
e6 9. Ngf3 Bb4 10. O-O Ne7 11. b3 Nf5 12. Qc2 O-O 13. Ng5 Bxd2 14. Bxd2 g6 15.
Nf3 dxc4 16. bxc4 Nd7 17. a4 c5 18. d5 Nd4 19. Nxd4 cxd4 20. Rfe1 Rac8 21. Qe4
Qxc4 22. dxe6 Qxe6 23. Qxd4 Rc4 24. Qxa7 b6 25. Bg5 Rc5 26. a5 Rxa5 27. Rxa5
bxa5 28. Qxa5 Re8 29. Bd2 Qb6 30. e6 Qxa5 31. Bxa5 Rxe6 32. Rd1 Ra6 33. Bc3 Rc6
34. Bb4 Rb6 35. Be7 Rb7 36. f3 1/2-1/2

[Event "18. Obert Int. Sant Marti 2016"]
[Site "Barcelona ESP"]
[Date "2016.07.20"]
[Round "8.12"]
[White "Lan, Zilun"]
[Black "Li, Di"]
[Result "1/2-1/2"]
[WhiteElo "2250"]
[BlackElo "2426"]
[PlyCount "97"]
[EventDate "2016.07.13"]
[EventType "swiss"]
[EventRounds "9"]
[EventCountry "ESP"]
[SourceTitle "Ajedrez en Madrid"]
[Source "lmi"]
[SourceDate "2016.07.13"]
[SourceVersion "1"]
[SourceVersionDate "2019.06.21"]
[SourceQuality "1"]

1. d4 Nf6 2. c4 g6 3. Nc3 d5 4. cxd5 Nxd5 5. e4 Nxc3 6. bxc3 Bg7 7. Ba3 b6 8.
Nf3 O-O 9. Bc4 Bb7 10. Qd3 c5 11. O-O Nc6 12. Rfd1 Qc7 13. dxc5 Ne5 14. Nxe5
Qxe5 15. Bd5 Bxd5 16. exd5 bxc5 17. Rab1 Rfc8 18. c4 Rab8 19. Rxb8 Qxb8 20. Rb1
Qc7 21. g3 Bd4 22. Bc1 Rb8 23. Bf4 Be5 24. Be3 Rb6 25. Rb3 h5 26. Kg2 Kg7 27.
Qe2 Bf6 28. Bf4 Qb7 29. Qe3 Qa6 30. Rxb6 axb6 31. Qb3 Bd4 32. Bd2 Kf8 33. h4
Kg7 34. Bc3 Qc8 35. Qb2 Bxc3 36. Qxc3+ f6 37. Qe3 Kf7 38. Qe4 Qd7 39. Kf3 Qa4
40. Kg2 Qd7 41. Kf3 Qc8 42. Kg2 Qd7 43. Kf3 Qa4 44. Qe6+ Kf8 45. Qc8+ Kg7 46.
Qe6 Kf8 47. Qc8+ Kf7 48. Qe6+ Kf8 49. Qc8+ 1/2-1/2

[Event "18. Obert Int. Sant Marti 2016"]
[Site "Barcelona ESP"]
[Date "2016.07.20"]
[Round "8.13"]
[White "Martinez Lopez, Ivan"]
[Black "Valdes Romero, Leonardo"]
[Result "0-1"]
[WhiteElo "2242"]
[BlackElo "2411"]
[PlyCount "122"]
[EventDate "2016.07.13"]
[EventType "swiss"]
[EventRounds "9"]
[EventCountry "ESP"]
[SourceTitle "Ajedrez en Madrid"]
[Source "lmi"]
[SourceDate "2016.07.13"]
[SourceVersion "1"]
[SourceVersionDate "2019.06.21"]
[SourceQuality "1"]

1. c4 Nf6 2. g3 g6 3. Bg2 Bg7 4. Nc3 O-O 5. e4 d6 6. Nge2 c5 7. O-O Nc6 8. a3
a6 9. Rb1 Bg4 10. f3 Be6 11. d3 b5 12. Nf4 Bd7 13. Nce2 Qc7 14. Be3 Ne5 15. Qc2
e6 16. Rfc1 g5 17. Nh3 g4 18. fxg4 Nfxg4 19. Bf4 bxc4 20. dxc4 Nc6 21. Qd1 Nd4
22. Nc3 e5 23. Bd2 Qd8 24. Nd5 h6 25. Ne3 Nxe3 26. Bxe3 f5 27. Bxd4 cxd4 28.
Nf2 Qg5 29. exf5 Bxf5 30. Bxa8 Rxa8 31. Qf3 Rf8 32. Ne4 Qg6 33. Re1 Kh8 34. Ra1
h5 35. a4 Bh6 36. Ra3 Bh3 37. Qe2 Bg4 38. Qg2 a5 39. h3 Bd7 40. Rf3 Rxf3 41.
Qxf3 Bxh3 42. c5 dxc5 43. Nxc5 Bg7 44. Ne4 Bg4 45. Qf2 Bd7 46. Nd2 Bxa4 47. Nf3
e4 48. Nh4 Qg4 49. Qg2 Bc6 50. Rc1 Qe6 51. Qc2 Bd7 52. Qc7 Kh7 53. Rc5 Qg4 54.
Qxa5 Qxg3+ 55. Ng2 Bg4 56. Rg5 Qd6 57. Qa8 Qe7 58. Rb5 e3 59. Rb7 Qe5 60. Qd8
Bf3 61. Qc7 Bxb7 0-1

[Event "18. Obert Int. Sant Marti 2016"]
[Site "Barcelona ESP"]
[Date "2016.07.20"]
[Round "8.14"]
[White "Glimbrant, Torbjorn"]
[Black "Meneses Gonzalez, Kevin Moises"]
[Result "1/2-1/2"]
[WhiteElo "2203"]
[BlackElo "2379"]
[PlyCount "60"]
[EventDate "2016.07.13"]
[EventType "swiss"]
[EventRounds "9"]
[EventCountry "ESP"]
[SourceTitle "Ajedrez en Madrid"]
[Source "lmi"]
[SourceDate "2016.07.13"]
[SourceVersion "1"]
[SourceVersionDate "2019.06.21"]
[SourceQuality "1"]

1. Nf3 d6 2. d4 Nf6 3. c4 g6 4. Nc3 Bg7 5. e4 O-O 6. Be2 Bg4 7. Be3 Nfd7 8. Rc1
c5 9. d5 Na6 10. O-O Nc7 11. h3 Bxf3 12. Bxf3 Rb8 13. Be2 Nf6 14. Qd2 b6 15.
Bh6 e6 16. Bxg7 Kxg7 17. f4 exd5 18. exd5 Re8 19. Rf3 b5 20. cxb5 Ncxd5 21.
Nxd5 Nxd5 22. f5 f6 23. fxg6 hxg6 24. Rcf1 f5 25. Qxd5 Rxe2 26. Rxf5 gxf5 27.
Qxf5 Qe7 28. Qg4+ Kh8 29. Qh5+ Kg7 30. Qg4+ Kh8 1/2-1/2